Movies Quiz

Random Movies or Disney Quiz

Disney Movies by Rough Sketch Quiz Stats

 Plays Quiz Updated Mar 17, 2019

Score 0/25 Timer 05:00
14 Plays Today
% Correct
The Lion King
99.5%
Cinderella
97.7%
The Jungle Book
97.2%
Peter Pan
96.4%
The Little Mermaid
94.6%
Robin Hood
94%
Aladdin
93.9%
Alice in Wonderland
92.5%
Lady and the Tramp
90.4%
Beauty and the Beast
88.8%
Moana
86.7%
Tarzan
86.7%
Tangled
86.4%
% Correct
The Princess and the Frog
86%
Frozen
86%
Pinocchio
84.7%
Bambi
84.6%
One Hundred and One Dalmatians
83.1%
Sleeping Beauty
82.5%
Lilo and Stitch
81.8%
Hercules
81.2%
The Aristocats
75.5%
The Emperor's New Groove
72.8%
Fantasia
44.6%
The Great Mouse Detective
43.2%

You're not logged in!

Compare scores with friends on all Sporcle quizzes.
OR
Log In

Sporcle TV

Today on Sporcle TV


Watch our educational content, quiz creation guides, and fun videos on Sporcle TV.

Show Comments

Extras

Top Quizzes Today


Score Distribution

Your Account Isn't Verified!

In order to create a playlist on Sporcle, you need to verify the email address you used during registration. Go to your Sporcle Settings to finish the process.

Report this User

Report this user for behavior that violates our Community Guidelines.

Details: